LEADER 01222nam a2200253 i 4500 001 000000129908 003 CaOOAMICUS 005 20240325165858.0 008 041012s1966 it u000 u ita u 013 $a102641 040 $aSeMil$bita 245 10$aCristo in Teilhard de Chardin :$bFulgide intuizioni accanto a pericolose indecisioni nella Cristologia e nell'Agapologia /$cA cura di D. Colombano Vuilleumier. 260 $aFossano (CN) :$bEdizioni Esperienze,$c1966. 300 $a142 p. ;$c17 cm. 490 0 $aProblemi d'oggi ;$v2 650 04$aTeilhard de Chardin, Pierre - Cristologia.$0(OLS)http://semarc/subject/19065 700 1 $aVuilleumier, Colombano.$0(OLS)http://semarc/name/43752 830 0$aProblemi d'oggi ;$v2.$0(OLS)http://semarc/title/7652 850 $aSeMil 852 $aSeMil$W1$xVenegono$y1$m166 10 2 *$j83995$B83995$CSeMilBibl$Z2$F87973 $81 961 $aLascito: Bassani don Emilio 996 $6245$aCristo in Teilhard de Chardin :$bFulgide intuizioni accanto a pericolose indecisioni nella Cristologia e nell'Agapologia$9(OLS)http://semarc/title/191553 996 $6260$aFossano (CN) :$bEdizioni Esperienze$9(OLS)http://semarc/publisher/31484 LEADER 00821nam a2200193 i 4500 001 000000056025 003 CaOOAMICUS 005 19970721000000.0 008 970721n xx u000 u lat u 013 $a27197 040 $aSeMil$bita 100 1 $aHermans, Vincentius.$0(OLS)http://semarc/name/28241 245 13$aDe novitiatu in Ordine Benedictino-Cisterciensi et in Iure communi usque ad annum 1335. 650 4$aCistercensi.$0(OLS)http://semarc/subject/8582 650 4$aNoviziato.$0(OLS)http://semarc/subject/5171 650 4$aTesi di laurea.$0(OLS)http://semarc/subject/1690 850 $aSeMil 852 $aSeMil$W1$xVenegono$y1$m2I IV 94$j22179$B22179$CSeMilBibl$Z2$F22181 $81 996 $6245$aDe novitiatu in Ordine Benedictino-Cisterciensi et in Iure communi usque ad annum 1335$9(OLS)http://semarc/title/87017